000
00329nam a2200145Ia 4500
008
150201s2000 xx 000 0 und d
082
_a
610
_b
C2000B
100
_a
ANNE BALLINGER
245
_a
CLINICAL MEDICINE
250
_a
3RD
260
_b
SAUNDERS
_a
EDINBURGH
_c
2000
300
_a
1-
650
_a
MEDICINE
942
_2
ddc
_c
BK
999
_c
2587
_d
2587